| 000 | 01375nam a2200301 i 4500 | ||
|---|---|---|---|
| 001 | 000015828 | ||
| 003 | DO-SdBNP | ||
| 005 | 20231219080116.0 | ||
| 007 | ta | ||
| 008 | 100219s1980 dr 000 0 spa d | ||
| 040 |
_aDO-SdBNP _bspa _cBNPHU _erda |
||
| 082 |
_a336.2714 _bQ31i _222 |
||
| 245 | 0 | 0 |
_aQué es el iva : _bimpuesto general a las ventas tipo valor agregado. |
| 264 |
_aSanto Domingo : _bSecretaría de Estado de Finanzas, Departamento de Normas y Políticas Fiscales, _c1980 |
||
| 300 |
_a66 paginas ; _c22 cm. |
||
| 336 |
_2rdacontent _atexto _btxt |
||
| 337 |
_2rdamedia _asin mediación _bn |
||
| 338 |
_2rdacarrier _avolumen _bnc |
||
| 490 | 1 | _aManuales de finanzas públicas | |
| 500 | _aEl presente documento ha sido preparado por la misión en la ALALC del programa de tributación de la OEA y la secretaría de la asociación, para su presentación en la V Reunión de Directores de Tributación Interna, julio 1973-Quito Ecuador | ||
| 500 | _a"Material de apoyo para los cursos de capacitación y adiestramiento de la Secretaría de Estado de Finanzas." | ||
| 590 | _aInventariado, 2018/LP | ||
| 650 | 4 |
_aImpuesto al valor agregado _zAmérica Latina _935634 |
|
| 710 | 2 |
_aAsociación Latinoamericana de Libre Comercio. _935635 |
|
| 830 | 1 |
_aManuales de finanzas públicas _98383 |
|
| 910 | _aValidado. Control de calidad MFF | ||
| 942 |
_2ddc _cLBS1 |
||
| 999 |
_c15372 _d15372 |
||